01438na a2200373 450000100060000000300080000600500170001400800410003102000180007203500100009004000250010004100080012508200240013309000230015710000210018024501750020124600340037626000660041030000320047649000140050849000530052250000830057550400290065860000480068765000220073565000500075765000610080770000260086870000200089470000170091494200130093195201050094499900150104914610MIRAKIL20181213155255.0161101b tu 000 0  a9786053992172 a14610 aMilasbturcTR-AnCHP atur a956.1015bK26o 2012 a956.1015 K26o 2012 aKarpat, Kemal H. aOsmanlı dünyasında kimlik ve kimlik oluşumubNorman Itzkowıtz armağanıcKemal H. Karpat derleyenler Baki Tezcan, Karl K. Barbir ; çeviren Zeynep Nevin Yelçe aNorman Itzkowıtz armağanı aİstanbulbİstanbul Bilgi Üniversitesi Yayınlarıc2007 axlvi, 310 s.bres. c23 sm. aTarihv42 aİstanbul Bilgi Üniversitesi yayınlarıv383 aYapıtın özgün adı: Identity and Identity Formation in the Ottoman World aKaynakça ve dizin var. aItzkowitz, Normand1931xArmağan kitaplar aKimlikxTürkler aOsmanlı İmparatorluğuxSosyal koşullar aOsmanlı İmparatorluğuxSosyal yaşam ve gelenekler aYelçe, Zeynep Nevin aBarbir, Karl K. aTezcan, Baki 2ddccBKS a0001b0001d2016-08-29e2l0o956.1015 K26o 2012p002814r2016-08-29 00:00:00v0.00w2016-08-29yBKS c9739d9739